000 01524nam a2200349 i 4500
003 EG-GICUC
005 20260228132049.0
008 260209s1986 ua ||||fr|||| 001 0 ara d
017 _a5552/86
_a3586/89
040 _a EG-GICUC
_bara
_c EG-GICUC
_d EG-GICUC
_erda
041 0 _aara
082 0 4 _a343.3
_bع ب . ش
_221
092 0 4 _221
099 _aLaw1 10 343.3 ع ب . ش 1986
100 0 _aعبد الرحيم صدقي.
_eمؤلف.
245 1 2 _aالشرطة والشعب :
_bشرعية القانون والقضاء العسكرى فى ضوء المبادئ الإجراءات الجنائية والنظرية العامة /
_cدكتور عبد الرحيم صدقي.
246 _aدراسة تحليلية وتطبيقية للمشكلات الإجرائية الهامة
264 2 _aجامعة القاهرة :
_bمطبعة جامعة القاهرة،
_c1986.
264 1 _aالقاهرة :
_bدار النهضة العربية،
300 _a310 ؛صفحة
_c24 سم.
_bإيضاحيات، صور، مثيليات ؛
336 _2rda content
_atext
337 _2rda media
_aComputer
338 _2rda carrier
_aOnline Resource
504 _a. 240-220 ببليوجرافيا: صفحات.
546 _aالنص باللغة العربية
650 1 _aقانون الإجراءات الجنائية
_2 qrmak
650 1 _aالقانون الجنائى
_2qrmak
651 1 _2qrmak
856 4 0 _uhttps://fll.law.cu.edu.eg/fulltext/bks/B10-08750.pdf
905 _a54
942 _2ddc
_cBK
_e21
_n0
999 _c61724
_d61724